[Event "Central Region-ch U10 Girls"]
[Site "Bogota"]
[Date "2011.03.24"]
[Round "1.1"]
[White "Diaz Meneses, Luisa Fernanda"]
[Black "Molina, Lina Fernanda"]
[Result "1/2-1/2"]
[WhiteElo "1468"]
[BlackElo "1335"]
[PlyCount "99"]
[EventDate "2011.03.24"]
[EventType "swiss"]
[EventRounds "6"]
[EventCountry "COL"]
[SourceTitle "EXT 2024"]
[Source "ChessBase"]
[SourceDate "2023.10.10"]
[SourceVersion "1"]
[SourceVersionDate "2023.10.10"]
[SourceQuality "1"]

1. e4 e5 2. Nf3 Nc6 3. Nc3 Nf6 4. Bc4 Bc5 5. d3 h6 6. Qe2 d6 7. Be3 b6 8. Bb3 Ba6 9. Bd2 0-0 10. 0-0 Bb4 11. Nd5 Bxd2 12. Qxd2 Nd4 13. Qd1 Bc8 14. Bc4 Bg4 15. Rc1 Nxf3+ 16. gxf3 Bh3 17. Re1 c6 18. Ne3 b5 19. Bb3 Nd7 20. a3 Qg5+ 21. Kh1 Bg2+ 22. Nxg2 Nf6 23. d4 Rad8 24. Rg1 Nh5 25. Ne1 Qf6 26. Qd2 Nf4 27. Ng2 Nh3 28. Rgf1 c5 29. c3 a5 30. Ba2 c4 31. b3 Rc8 32. Qe2 Qe6 33. dxe5 dxe5 34. Rcd1 a4 35. bxa4 bxa4 36. Qe3 Nf4 37. Nxf4 exf4 38. Qxf4 Rfd8 39. Qf5 Re8 40. Rfe1 Qxf5 41. exf5 Rxe1+ 42. Rxe1 Rc5 43. Bb1 Rd5 44. Re8+ Kh7 45. f6+ g6 46. Be4 Rd1+ 47. Kg2 Ra1 48. Bc6 Rxa3 49. Ra8 Rxc3 50. Bxa4 1/2-1/2